000
00314nam a22001337a 4500
008
170922b xxu||||| |||| 00| 0 eng d
020
_a
087722370X
041
_a
eng
080
_a
37
100
_a
46
101
_a
EDU
245
_a
IDEOLOGY, CULTURE, AND THE PROCESS OF SCHOOLING
_c
GIROUX, H.A
942
_2
udc
_c
BK
999
_c
28980
_d
28980